Statistieken voor Partijen, fracties en leden in de Tweede Kamer

Klik hier om de quiz te nemen!

Algemene statistieken

  • Deze quiz is 62 keer genomen
    (27 sinds de laatste reset)
  • De gemiddelde score is 15 van 20

Antwoordstatistieken

ZetelsAntwoord% Correct
5FVD
95%
1BBB
90%
8GL
90%
9PvdA
90%
34VVD
90%
14CDA
86%
5CU
86%
24D66
86%
17PVV
86%
9SP
86%
6PvdD
81%
3SGP
81%
1Bij1
71%
3JA21
71%
2Volt
71%
3Denk
67%
1Lid Omtzigt
43%
3Groep Van Haga
38%
1Fractie Den Haan
29%
1Lid Gündogan
24%

Scoreverdeling

Percentiel versus Aantal Correcte Antwoorden

Procent van Mensen met Elke Score

Uw Scoregeschiedenis

U heeft deze quiz nog niet genomen sinds de laatste reset